书目信息 |
| 题名: |
应用概率统计习题解答
|
|
| 作者: | 刘嘉焜 , 张玉环 , 王家生 编著 | |
| 分册: | ||
| 出版信息: | 北京 科学出版社 2005.06 |
|
| 页数: | 257页 | |
| 开本: | 24cm | |
| 丛书名: | ||
| 单 册: | ||
| 中图分类: | O21-44 | |
| 科图分类: | ||
| 主题词: | 数理统计--shu li tong ji--高等教育--习题 , 概率论--gai lu lun--高等教育--习题 | |
| 电子资源: | ||
| ISBN: | 7-03-015437-1 | |
| 000 | 00983nam0 2200265 450 | |
| 001 | 012006068193 | |
| 005 | 20060914103801.15 | |
| 010 | @a7-03-015437-1@dCNY24.00 | |
| 100 | @a20060726d2005 km y0chiy0120 ea | |
| 101 | 0 | @achi |
| 102 | @aCN@b110000 | |
| 105 | @aa q 000yy | |
| 200 | 1 | @a应用概率统计习题解答@Aying yong gai lu tong ji xi ti jie da@f王家生, 刘嘉焜, 张玉环编著@Fwang jia sheng,liu jia kun,zhang yu huan bian zhu |
| 210 | @a北京@c科学出版社@d2005.06 | |
| 215 | @a257页@c图@d24cm | |
| 300 | @a普通高等教育"十五"国家级规划教材 | |
| 330 | @a本书是《应用概率统计》一书的习题解答,其中部分习题还给出了多种解题方法。书后附历年考研题及参考答案。 | |
| 606 | 0 | @a数理统计@Ashu li tong ji@x高等教育@j习题 |
| 606 | 0 | @a概率论@Agai lu lun@x高等教育@j习题 |
| 690 | @aO21-44@v4 | |
| 701 | 0 | @a刘嘉焜@Aliu jia kun@4编著 |
| 701 | 0 | @a张玉环@Azhang yu huan@4编著 |
| 701 | 0 | @a王家生@Awang jia sheng@4编著 |
| 801 | 0 | @aCN@bQSSK@c20060914 |
| 905 | @apdsgxy@dO21-44@eW226 | |
| 应用概率统计习题解答/王家生, 刘嘉焜, 张玉环编著.-北京:科学出版社,2005.06 |
| 257页:图;24cm |
| 普通高等教育"十五"国家级规划教材 |
| ISBN 7-03-015437-1:CNY24.00 |
| 本书是《应用概率统计》一书的习题解答,其中部分习题还给出了多种解题方法。书后附历年考研题及参考答案。 |
| ● |
| 相关链接 |
|
|
|
正题名:应用概率统计习题解答
索取号:O21-44/W226
 
预约/预借
| 序号 | 登录号 | 条形码 | 馆藏地/架位号 | 状态 | 备注 |
| 1 | 596291 | 205962911 | 自科库401/401自科库 47排3列5层/ [索取号:O21-44/W226] | 在馆 | |
| 2 | 596292 | 205962920 | 自科库401/401自科库 47排3列5层/ [索取号:O21-44/W226] | 在馆 | |
| 3 | 596293 | 205962939 | 自科库401/401自科库 47排3列5层/ [索取号:O21-44/W226] | 在馆 |